000 00657nam a2200217 i 4500
001 120551
003 ES-MaACL
005 20230906191557.0
007 t|
008 070214s1952 sp r ||||1| spa d
100 1 _aPiulachs Oliva, Pedro (
_d1908-1976)
_992436
245 1 0 _aLecciones de Patología quirúrgica /
_cP. Piulachs.
_n, . Tomo II. Primera parte.
250 _a1ª ed.
260 _aBarcelona :
_bJosé Janés,
_c1952.
300 _a1 t. ;
_c25 cm.
490 1 _aPublicaciones médicas
650 4 _aPatología quirúrgica.
_9136666
830 0 _aPublicaciones médicas
_9181357
852 _aES-MaACL
_jP-219
999 _c120551
_d120551